000 00650nam a2200241Ia 4500
999 _c5303
_d5303
003 0100
008 130227s9999 xx 000 0 und d
040 _cARRUPELIB
050 _aB809.8.C65 1968
100 _aCornforth, Maurice
_933684
245 _aDialectical materialsm
245 _bAn Introduction
250 _a4th edition
260 _bLawren ce & Wishart
_aLondon
_c1868-76
300 _a3v
300 _b 22cm
650 _aDialectical materialism
_918201
942 _2lcc
_cMONOGRAPH